| 000 | 00455nam a2200145Ia 4500 | ||
|---|---|---|---|
| 008 | 220217s9999 xx 000 0 und d | ||
| 245 | 0 | _aMedical gloves for single use. Part 3: Requirements and testing for biological evaluation | |
| 260 | _aLondon | ||
| 260 |
_c2006 _bBritish Standards Institution |
||
| 490 | _aBritish Standard | ||
| 500 | _aStandard number: BS EN 455-3 | ||
| 650 | _aBiological evaluation | ||
| 650 | _aMedical gloves | ||
| 942 | _cST | ||
| 999 |
_c73302 _d73302 |
||